000 00424cam a2200169ua 4500
041 _aeng
_h
082 _a824
_bBRO/EN
100 _aBroadus, E K .
245 _aEnglish prose from Bacon to Hardy /
_cE K Broadus.
_hTextual Documents
250 _a1 /
_b.
260 _aLondon :
_bOxford University Press ,
_c1952.
300 _a612 ; .
504 _a
700 1 _aGordon, R K .
942 _cBK
999 _c7578
_d7578